Clubs de football commençant par I - Statistiques

Statistiques générales
  • Ce quiz a été pris 324 fois
  • Le résultat moyen est 4 sur 8
Statistiques - réponses
Par images Réponse % Correct
Inter Milan
100%
Inter Miami
94%
İstanbul Başakşehir
43%
Ipswich Town
42%
Independiente
33%
Internacional
28%
Ibiza UD
12%
Istanbulspor
11%
Aucun quiz correspondant
Distribution des résultats
% des personnes avec chaque résultat
Percentile par nombre de réponses
Votre historique - résultats
Vous n’avez pas pris ce quiz